<?xml version='1.0' encoding='UTF-8'?><?xml-stylesheet href='static/style.xsl' type='text/xsl'?><OAI-PMH xmlns="http://www.openarchives.org/OAI/2.0/" xmlns:xsi="http://www.w3.org/2001/XMLSchema-instance" xsi:schemaLocation="http://www.openarchives.org/OAI/2.0/ http://www.openarchives.org/OAI/2.0/OAI-PMH.xsd"><responseDate>2026-04-30T16:39:13Z</responseDate><request verb="GetRecord" identifier="oai:ebiltegia.mondragon.edu:20.500.11984/5288" metadataPrefix="marc">https://ebiltegia.mondragon.edu/oai/request</request><GetRecord><record><header><identifier>oai:ebiltegia.mondragon.edu:20.500.11984/5288</identifier><datestamp>2024-03-04T17:00:14Z</datestamp><setSpec>com_20.500.11984_473</setSpec><setSpec>col_20.500.11984_1072</setSpec></header><metadata><record xmlns="http://www.loc.gov/MARC21/slim" xmlns:dcterms="http://purl.org/dc/terms/" xmlns:xsi="http://www.w3.org/2001/XMLSchema-instance" xmlns:doc="http://www.lyncode.com/xoai" xsi:schemaLocation="http://www.loc.gov/MARC21/slim http://www.loc.gov/standards/marcxml/schema/MARC21slim.xsd">
   <leader>00925njm 22002777a 4500</leader>
   <datafield ind2=" " ind1=" " tag="042">
      <subfield code="a">dc</subfield>
   </datafield>
   <datafield ind2=" " ind1=" " tag="720">
      <subfield code="a">Loyola, Aitzol</subfield>
      <subfield code="e">author</subfield>
   </datafield>
   <datafield ind2=" " ind1=" " tag="260">
      <subfield code="c">2018</subfield>
   </datafield>
   <datafield ind2=" " ind1=" " tag="520">
      <subfield code="a">Propósito: el propósito del artículo es aportar una reflexión sobre el trasfondo comunitario autogestio-nario del cooperativismo de Mondragón y conectarlo con las reflexiones sobre la autogestión económi-ca y comunitaria de Jeremy Rifkin y Henry Mintzberg. Descripción:  el  artículo  explica  las  claves  sobre  las  que  se  construyó  el  paradigma  comunitario  del  cooperativismo de Mondragón y analiza su implantación concreta en las primeras décadas del siglo xx. Punto de vista: el punto de vista que desarrolla el artículo es una mirada a los orígenes de la experien-cia cooperativa de Mondragón, por la cual se analiza cómo se concretó en la práctica el ideal comuni-tario que subyacía al movimiento cooperativo. Se trata de un análisis histórico que posibilita repensar el futuro en clave comunitaria. Conclusión:  el  análisis  del  sustrato  comunitario  del  movimiento  cooperativo  de  Mondragón  permite  concluir que contiene una perspectiva atrayente para repensar la sociedad del siglo xxi, tal como su-gieren autores actuales como J. Rifkin y H. Mintzberg.</subfield>
   </datafield>
   <datafield ind2=" " ind1=" " tag="520">
      <subfield code="a">Purpose: The article aims at providing reflection with respect to Mondragon’s cooperativism self-ma-naged community background and connects it with Jeremy Rifkin and Henry Mintzberg’s deliberations about economic and community self-management.Description: The article explains the key factors on which Mondragon’s cooperativism community para-digm was built and analyzes its implementation during the first decades of the 20th century.Point of view: The article takes a look at the origins of Mondragon’s cooperative experience; it analyzes how the community ideal that underlay the cooperative movement was put in practice. It’s a historical analysis that makes it possible to rethink the future focusing on the community.Conclusion:  The  analysis  allows  concluding  that  Mondragon’s  cooperative  movement  supposes  an  attractive perspective to rethink 21st century’s society, just as contemporary authors like J. Rifkin and H. Mintzberg suggest.</subfield>
   </datafield>
   <datafield ind2=" " ind1=" " tag="520">
      <subfield code="a">Objetivo:  o  objetivo  do  artigo  é  fornecer  uma  reflexão  sobre  o  contexto  comunitário  autogestionário  do cooperativismo de Mondragón, e relacioná-lo com as reflexões sobre a autogestão econômica e comunitária de Jeremy Rifkin e Henry Mintzberg.Descrição: o artigo explica as chaves sobre as quais foi construído o paradigma comunitário do coo-perativismo de Mondragón e analisa sua implementação concreta nas primeiras décadas do século xx.Ponto de vista: o ponto de vista do artigo são as origens da experiência cooperativa de Mondragón, através da qual se analisa como o ideal comunitário que fundamentava o movimento cooperativo foi posto em prática. É uma análise histórica que possibilita repensar o futuro de forma comunitária. Conclusão: a análise do substrato comunitário do movimento cooperativo de Mondragón permite con-cluir que ele contém uma perspectiva atraente para repensar a sociedade do século xxi, como sugerem autores atuais como J. Rifkin e H. Mintzberg.</subfield>
   </datafield>
   <datafield ind1="8" ind2=" " tag="024">
      <subfield code="a">2382-4220</subfield>
   </datafield>
   <datafield ind1="8" ind2=" " tag="024">
      <subfield code="a">https://katalogoa.mondragon.edu/janium-bin/janium_login_opac.pl?find&amp;ficha_no=147940</subfield>
   </datafield>
   <datafield ind1="8" ind2=" " tag="024">
      <subfield code="a">https://hdl.handle.net/20.500.11984/5288</subfield>
   </datafield>
   <datafield tag="653" ind2=" " ind1=" ">
      <subfield code="a">Autogestión</subfield>
   </datafield>
   <datafield tag="653" ind2=" " ind1=" ">
      <subfield code="a">Comunidad</subfield>
   </datafield>
   <datafield tag="653" ind2=" " ind1=" ">
      <subfield code="a">Cooperativismo</subfield>
   </datafield>
   <datafield tag="653" ind2=" " ind1=" ">
      <subfield code="a">Mondragon</subfield>
   </datafield>
   <datafield tag="653" ind2=" " ind1=" ">
      <subfield code="a">Transformación social</subfield>
   </datafield>
   <datafield ind2="0" ind1="0" tag="245">
      <subfield code="a">El paradigma comunitario del cooperativismo de Mondragón: mirar las raíces para repensar el futuro</subfield>
   </datafield>
</record></metadata></record></GetRecord></OAI-PMH>